000 01076cad a22002415a 4500
001 E151603
008 101122s2010 xxk f 100 0 eng d
020 _a9781842196199
035 _a(Sirsi) u151604
041 0 _aeng
100 1 _aBrand, Michael C.
111 2 _aConstruction and Building Research Conference
_cDauphine Universite, Paris
_d2-3 September 2010
245 0 2 _aA proposal for a "dual scheme" of statutory adjudication for the building and construction industry in Australia
_h[electronic resource]
260 _aLondon
_bRICS
_c2010
520 _aA paper presented at the COBRA Conference in Paris on 2-3 September 2010.
590 _aKA
650 2 4 _aCONSTRUCTION AND BUILDING RESEARCH CONFERENCE (COBRA)
651 4 _aAustralia
690 _aMANAGEMENT-DISPUTE AVOIDANCE, MANAGEMENT AND RESOLUTION-DISPUTE MANAGEMENT AND RESOLUTION-ALTERNATIVE DISPUTE RESOLUTION-ADJUDICATION
700 1 _aDavenport, Philip
856 4 0 _uhttps://www.rics.org/site/scripts/download_info.aspx?fileID=7945&categoryID=720
_zBroken link - not available
942 _n0
999 _c111475
_d111475